000 00949cam a2200265 a 4500
003 OSt
005 20170927205434.0
008 170927b xxu||||| |||| 00| 0 eng d
020 _a0262100614
020 _a0262600277 (pbk.)
040 _aLDCLIB
_cLDCLIB
082 0 0 _a341.7543
_222
_bJAC
100 1 _aJackson, Howard H.
_d1932-
_9464
245 1 4 _aThe World Trading System :
_blaw and policy of international economic relations /
_cJohn H. Jackson.
250 _a2nd ed.
260 _aCambridge, MA :
_bMIT Press,
_cc1997.
300 _a[xi], 441 p. ;
_c24 cm.
504 _aIncludes bibliographical references (p. [353]-428) and index.
610 2 0 _aGeneral Agreement on Tariffs and Trade (Organization)
_9465
630 0 0 _aGeneral Agreement on Tariffs and Trade
_d(1947)
_9466
650 0 _aTariff
_xLaw and legislation.
_9467
650 0 _aForeign trade regulation.
_9468
650 0 _aInternational economic relations.
_9454
942 _2ddc
_cBK
999 _c163
_d163